00301nam a2200121Ia 4500008004100000082001600041100001500057245002900072250000800101260004400109300001000153650001600163150201s2005 xx 000 0 und d a618bG2005D aDATTA,D.C. aTEXT BOOK OF GYNAECOLOGY a3RD bNEW CENTRAL BOOK AGENCYaCALCUTTAc2005 a1-606 aGYNAECOLOGY